000 nam a22 a 4500
999 _c1634
_d1634
003 AKMAL
005 20170511110852.0
008 170511s1982 us 00 eng d
020 _a0256024863
039 9 _a200612071333
_baini
040 _aAKMAL
_cAKMAL
050 0 0 _aHB171.5
082 0 4 _a330 ATK
090 2 0 _a330
_bATK
100 1 _aAtkinson, Lloyd C.
_93327
245 1 0 _aEconomics :
_bthe science of choice /
_cLloyd C. Atkinson
260 _aHomewood, Ill. :
_bR.D. Irwin,
_c1982
300 0 0 _a723p. :
_bill. ;
_c25cm
490 0 _aIrwin publications in economics
650 0 _aEconomics
_93229
942 _2ddc
_cBOOK